000 00526nam a2200229Ia 4500
003 OSt
005 20220912144003.0
006 a|||||r|||| 00| 0
007 ta
008 220909b |||||||| |||| 00| 0 eng d
024 _a198730
037 _cAnnuals, Advances
040 _beng
041 _aeng
100 _aSrivastava CBL
245 0 _aDevelopmental biology
260 _c1986
300 _ap.
_ccm
700 _a Singh YN
942 _cREF
_2CC
999 _c172
_d172